000 004170000a22001690004500
041 0 _aENG
082 0 4 _aG 253.5 H915c
100 1 _aHulme, William E.
245 1 0 _aCounseling and theology / William E. Hulme
260 _aPA., USA : Fortress
300 _a249 Pag
001 6444
942 _cBK
999 _c36714
_d36714
336 _atexto
_btxt
_2rdacontent
337 _2rdamedia
_asin mediación
_bn
338 _2rdacarrier
_avolumen
_bnc